|
000
|
01270nam0 2200277 450
|
|
001
|
nydsq0000254
|
|
005
|
20081210193340.0
|
|
010
|
|
@a978-7-80248-051-3@dCNY99.00
|
|
100
|
|
@a20081206d2008 km y0chiy0120 ea
|
|
101
|
0
|
@achi
|
|
102
|
|
@aCN@b110000
|
|
105
|
|
@aa z 000yy
|
|
106
|
|
@ar
|
|
200
|
1
|
@aMaya动画总动员RealFlow影视特效秘籍@AMaya dong hua zong dong yuanR ealFlow ying shi te xiao mi ji@f张庆中编著
|
|
205
|
|
@a第一版
|
|
210
|
|
@a北京@c兵器工业出版社@c北京科海电子出版社@d2008.6
|
|
215
|
|
@a488页@c图@d26cm
|
|
225
|
2
|
@aMaya总动员多媒体教学丛书@AMaya zong dong yuan duo mei ti jiao xue cong shu
|
|
314
|
|
@a张庆中,资深CG动画师,现任中央美院CG讲师。曾服务过许多专业的影视、动画公司,参与过大量动画片、电影、游戏、电视剧及广告片的制作和测试,对CG技术有很深的造诣与独特的理解。
|
|
330
|
|
@a本书是一本注重实践的专业动画特效书籍。主要包括:三维软件的动画特效技术、制作流程概念贯穿全书。书中内容:RealFlow基础知识、高级技术、mental ray渲染技术、以及如何使用mental ray节点渲染出逼真的画面。
|
|
410
|
0
|
@12001 @aMaya总动员多媒体教学丛书
|
|
606
|
0
|
@a三维动画软件@Asan wei dong hua ruan jian
|
|
690
|
|
@aTP391.4@v4
|
|
701
|
0
|
@a张庆中@Azhang qing zhong@4编著
|
|
801
|
0
|
@aCN@bCDNYKJZYXY@c20081210
|
|
905
|
|
@aCDNYKJZYXY@dTP391.4@e156@f3
|
|
|
|
|
| |
| Maya动画总动员RealFlow影视特效秘籍/张庆中编著.-第一版.-北京:兵器工业出版社:北京科海电子出版社,2008.6 |
| 488页:图;26cm.-(Maya总动员多媒体教学丛书) |
| |
| |
| ISBN 978-7-80248-051-3:CNY99.00 |
| 本书是一本注重实践的专业动画特效书籍。主要包括:三维软件的动画特效技术、制作流程概念贯穿全书。书中内容:RealFlow基础知识、高级技术、mental ray渲染技术、以及如何使用mental ray节点渲染出逼真的画面。 |
| ● |
正题名:Maya动画总动员RealFlow影视特效秘籍
索取号:TP391.4/156
 
预约/预借
| 序号
|
登录号
|
条形码
|
馆藏地/架位号
|
状态
|
备注
|
|
1
|
228376
|
300228376
|
海科密-1楼/19架7列1层/
[索取号:TP391.4/156]
|
在馆
|
|
|
2
|
228377
|
300228377
|
海科密-1楼/53架5列7层/
[索取号:TP391.4/156]
|
在馆
|
|
|
3
|
228378
|
300228378
|
海科密-1楼/19架7列1层/
[索取号:TP391.4/156]
|
在馆
|
|